00739cam a2200265 45000010008000000030004000080050017000120080041000290100017000700400018000870410011001050500017001160820016001331000023001492450049001722600064002213000024002853500009003095000013003185040032003316500036003639060045003999420012004449990017004563125085OSt20230222121833.0690324t19691962cau b 001 0 eng  a 69010366  aDLCcDLCdDLC0 aengchi00aJS7352b.C4700a352/.0009511 aQu, Tongzu.91421210aLocal government in China under the Chʻing. aStanford, Calif.,bStanford University Pressc[1969, c1962] axiv, 414 p.c22 cm. a3.45 a"SP 95." aBibliography: p. [371]-395. 0aLocal governmentzChina.914213 a7bcbccorignewduencipf19gy-gencatlg 2lcccBK c42860d42860